Llwytho...

Ente Geetha /

Manylion Llyfryddiaeth
Prif Awdur: Narayanakkurkkal
Iaith:Undetermined
LEADER 00338nam a2200109Ia 4500
001 62453
008 170722s9999 xx 000 0 und d
100 |a Narayanakkurkkal 
245 |a Ente Geetha / 
942 |c GEN 
999 |c 33777  |d 33777 
952 |0 0  |1 0  |4 0  |6 O_323M61E_F7_KR  |7 0  |9 43599  |a LIB  |b LIB  |d 2017-08-12  |o O32,3M61,E F7 (KR)  |p 23012  |r 2017-08-12  |w 2017-08-12  |y GEN